000 00320nam a22001337a 4500
008 181025b xxu||||| |||| 00| 0 eng d
020 _a9781451146660
041 _aeng
080 _213 ED
_a610.073
100 _a3
101 _aINF
245 _aTxtbook Of Medical Surgical Nursing
_cHinkle.J.l
942 _2udc
_cBK
999 _c50885
_d50885